{"text_format":"3","workbook":"xls","n_sheets":1,"sheets":["Estimate"],"not_rendered":{"external_links":1,"defined_names":2},"read":"whole","date_system":"1900","formulas":"cached_only"}

{"sheet":"Estimate","index":0,"n_rows":119,"n_cols":10,"rows_kept":119,"merged":[[0,6,2,9],[3,0,4,0],[3,1,4,1],[3,2,4,2],[3,3,3,4],[3,6,4,6],[3,7,4,7],[3,9,4,9]],"flags":["formulas_cached_only"]}
["BREAKOUT OF CONSTRUCTION COSTS BY WORK TYPE",null,"DATE:",null,null,"2008-02-05","Miles Excavating, Inc."]
["PROJECT: 119th Street Widening (U.S. 69 to Riley)"]
["KDOT Project No. 46 N-0366-01"]
["Item No.","Item","Unit","QUANTITY",null,"Quantity","Unit Price","Participating","Non-","Total"]
[{"$nulls":3},"Part.","Non.","Total",null,null,"Participating"]
[1,"Contractor Construction Staking","Lump Sum",{"v":1,"d":"1 "},null,1,{"v":20000,"d":"$20,000.00"},{"v":20000,"d":"$20,000.00"},null,{"v":20000,"d":"$20,000.00"}]
[2,"Clearing and Grubbing","Lump Sum",{"v":1,"d":"1 "},null,1,{"v":70000,"d":"$70,000.00"},{"v":70000,"d":"$70,000.00"},null,{"v":70000,"d":"$70,000.00"}]
[3,"Removal of Existing Structures","Lump Sum",{"v":1,"d":"1 "},null,1,{"v":25000,"d":"$25,000.00"},{"v":25000,"d":"$25,000.00"},null,{"v":25000,"d":"$25,000.00"}]
[4,"Force Account (Set)","Lump Sum",{"v":1,"d":"1 "},null,1,{"v":150000,"d":"$150,000.00"},{"v":150000,"d":"$150,000.00"},null,{"v":150000,"d":"$150,000.00"}]
[5,"Unclassified Excavation","Cu. Yd.",{"v":13736,"d":"13,736 "},null,{"v":13736,"d":"13,736"},{"v":20.4,"d":"$20.40"},{"v":280214.39999999997,"d":"$280,214.40"},null,{"v":280214.39999999997,"d":"$280,214.40"}]
[6,"Compaction of Earthwork (All Types)","Cu. Yd.",{"v":100,"d":"100 "},null,100,{"v":5,"d":"$5.00"},{"v":500,"d":"$500.00"},null,{"v":500,"d":"$500.00"}]
[7,"Topsoil","Cu. Yd.",{"v":2458,"d":"2,458 "},null,{"v":2458,"d":"2,458"},{"v":12.5,"d":"$12.50"},{"v":30725,"d":"$30,725.00"},null,{"v":30725,"d":"$30,725.00"}]
[8,"Asphaltic Concrete Intermediate Course","Ton",{"v":9634,"d":"9,634 "},null,{"v":9634,"d":"9,634"},{"v":60.2,"d":"$60.20"},{"v":579966.8,"d":"$579,966.80"},null,{"v":579966.8,"d":"$579,966.80"}]
[9,"Asphaltic Concrete Surface Course","Ton",{"v":7649,"d":"7,649 "},null,{"v":7649,"d":"7,649"},{"v":61.5,"d":"$61.50"},{"v":470413.5,"d":"$470,413.50"},null,{"v":470413.5,"d":"$470,413.50"}]
[10,"Asphaltic Concrete Intermediate Course (Deep Cut)","Ton",{"v":8664,"d":"8,664 "},null,{"v":8664,"d":"8,664"},{"v":60.2,"d":"$60.20"},{"v":521572.80000000005,"d":"$521,572.80"},null,{"v":521572.80000000005,"d":"$521,572.80"}]
[11,"Temporary Surfacing Material (Commercial Grade Asphaltic Concrete)","Ton",{"v":300,"d":"300 "},null,300,{"v":73.5,"d":"$73.50"},{"v":22050,"d":"$22,050.00"},null,{"v":22050,"d":"$22,050.00"}]
[12,"Temporary Surfacing Material (Type AB-3)","Ton",{"v":100,"d":"100 "},null,100,{"v":25,"d":"$25.00"},{"v":2500,"d":"$2,500.00"},null,{"v":2500,"d":"$2,500.00"}]
[13,"Fly Ash","Ton",{"v":1047,"d":"1,047 "},null,{"v":1047,"d":"1,047"},{"v":48,"d":"$48.00"},{"v":50256,"d":"$50,256.00"},null,{"v":50256,"d":"$50,256.00"}]
[14,"Manipulation For Fly Ash Treated Subgrade (8\")","Sq. Yd.",{"v":20775,"d":"20,775 "},null,{"v":20775,"d":"20,775"},{"v":2.05,"d":"$2.05"},{"v":42588.74999999999,"d":"$42,588.75"},null,{"v":42588.74999999999,"d":"$42,588.75"}]
[15,"Milling (Total Width Cut) ( 2\")","Sq. Yd.",{"v":48545,"d":"48,545 "},null,{"v":48545,"d":"48,545"},{"v":1.95,"d":"$1.95"},{"v":94662.75,"d":"$94,662.75"},null,{"v":94662.75,"d":"$94,662.75"}]
[16,"Milling (Deep Cut) (4\")","Sq. Yd.",{"v":39220,"d":"39,220 "},null,{"v":39220,"d":"39,220"},{"v":2.75,"d":"$2.75"},{"v":107855,"d":"$107,855.00"},null,{"v":107855,"d":"$107,855.00"}]
[17,"Street Sweeping","Lump Sum",{"v":1,"d":"1 "},null,1,{"v":7500,"d":"$7,500.00"},{"v":7500,"d":"$7,500.00"},null,{"v":7500,"d":"$7,500.00"}]
[18,"Street Washing","Lane Mile",7.2,null,7.2,{"v":1900,"d":"$1,900.00"},{"v":13680,"d":"$13,680.00"},null,{"v":13680,"d":"$13,680.00"}]
[19,"Special Cleaning of Milled Surfaces","Lump Sum",{"v":1,"d":"1 "},null,1,{"v":7500,"d":"$7,500.00"},{"v":7500,"d":"$7,500.00"},null,{"v":7500,"d":"$7,500.00"}]
[20,"Asphaltic Base Repair/Street Removal (Set)","Cu. Yd.",{"v":1000,"d":"1,000 "},null,{"v":1000,"d":"1,000"},{"v":135,"d":"$135.00"},{"v":135000,"d":"$135,000.00"},null,{"v":135000,"d":"$135,000.00"}]
[21,"Curb and Gutter, Combined (Type A)","Lin. Ft.",{"v":388,"d":"388 "},null,388,{"v":16,"d":"$16.00"},{"v":6208,"d":"$6,208.00"},null,{"v":6208,"d":"$6,208.00"}]
[22,"Curb and Gutter, Combined (Type B)","Lin. Ft.",{"v":10150,"d":"10,150 "},null,{"v":10150,"d":"10,150"},{"v":11,"d":"$11.00"},{"v":111650,"d":"$111,650.00"},null,{"v":111650,"d":"$111,650.00"}]
[23,"Curb and Gutter, Combined (Type C)","Lin. Ft.",{"v":287,"d":"287 "},null,287,{"v":16,"d":"$16.00"},{"v":4592,"d":"$4,592.00"},null,{"v":4592,"d":"$4,592.00"}]
[24,"Curb and Gutter, Combined (Type C Special)","Lin. Ft.",{"v":91,"d":"91 "},null,91,{"v":19,"d":"$19.00"},{"v":1729,"d":"$1,729.00"},null,{"v":1729,"d":"$1,729.00"}]
[25,"Curb (Type D)","Lin. Ft.",{"v":6145,"d":"6,145 "},null,{"v":6145,"d":"6,145"},{"v":6.75,"d":"$6.75"},{"v":41478.75,"d":"$41,478.75"},null,{"v":41478.75,"d":"$41,478.75"}]
[26,"Median Curb and Gutter (Remove and Replace)","Lin. Ft.",{"v":821,"d":"821 "},null,821,{"v":14,"d":"$14.00"},{"v":11494,"d":"$11,494.00"},null,{"v":11494,"d":"$11,494.00"}]
[27,"Concrete Median Nose","Each",{"v":11,"d":"11 "},null,11,{"v":550,"d":"$550.00"},{"v":6050,"d":"$6,050.00"},null,{"v":6050,"d":"$6,050.00"}]
[28,"Sidewalk Construction (4\")","Sq. Ft.",{"v":7262,"d":"7,262 "},null,{"v":7262,"d":"7,262"},{"v":3.5,"d":"$3.50"},{"v":25417,"d":"$25,417.00"},null,{"v":25417,"d":"$25,417.00"}]
[29,"Sidewalk (Remove and Replace)(4\")","Sq. Ft.",{"v":22636,"d":"22,636 "},null,{"v":22636,"d":"22,636"},{"v":3.6,"d":"$3.60"},{"v":81489.6,"d":"$81,489.60"},null,{"v":81489.6,"d":"$81,489.60"}]
[30,"Sidewalk Ramp (6\")","Sq. Ft.",{"v":425,"d":"425 "},null,425,{"v":7.25,"d":"$7.25"},{"v":3081.25,"d":"$3,081.25"},null,{"v":3081.25,"d":"$3,081.25"}]
[31,"Sidewalk Ramp with Detectable Warning Surface","Sq. Ft.",{"v":3030,"d":"3,030 "},null,{"v":3030,"d":"3,030"},{"v":8,"d":"$8.00"},{"v":24240,"d":"$24,240.00"},null,{"v":24240,"d":"$24,240.00"}]
[32,"Detectable Warning Surface","Sq. Ft.",{"v":837,"d":"837 "},null,837,{"v":38,"d":"$38.00"},{"v":31806,"d":"$31,806.00"},null,{"v":31806,"d":"$31,806.00"}]
[33,"Concrete Paver Stones","Sq. Ft.",{"v":10171,"d":"10,171 "},null,{"v":10171,"d":"10,171"},{"v":8.4,"d":"$8.40"},{"v":85436.40000000001,"d":"$85,436.40"},null,{"v":85436.40000000001,"d":"$85,436.40"}]
[34,"Concrete Paver Stones (Remove and Reset)","Sq. Ft.",{"v":62,"d":"62 "},null,62,{"v":10,"d":"$10.00"},{"v":620,"d":"$620.00"},null,{"v":620,"d":"$620.00"}]
[35,"Concrete Pavement (6\")","Sq. Yd.",{"v":250,"d":"250 "},null,250,{"v":45,"d":"$45.00"},{"v":11250,"d":"$11,250.00"},null,{"v":11250,"d":"$11,250.00"}]
[36,"Concrete Pavement (8\")","Sq. Yd.",{"v":509,"d":"509 "},null,509,{"v":59,"d":"$59.00"},{"v":30031,"d":"$30,031.00"},null,{"v":30031,"d":"$30,031.00"}]
[37,"KCMMB 4K Concrete (ISRW) (Type 1)","Cu. Yd.",187.6,null,187.6,{"v":675,"d":"$675.00"},{"v":126630,"d":"$126,630.00"},null,{"v":126630,"d":"$126,630.00"}]
[38,"KCMMB 4K Concrete (ISRW) (Type 2)","Cu. Yd.",6.6,null,6.6,{"v":675,"d":"$675.00"},{"v":4455,"d":"$4,455.00"},null,{"v":4455,"d":"$4,455.00"}]
[39,"Modification of Structure (Curb Inlet to Junction Box)","Each",{"v":12,"d":"12 "},null,12,{"v":1200,"d":"$1,200.00"},{"v":14400,"d":"$14,400.00"},null,{"v":14400,"d":"$14,400.00"}]
[40,"Inlet (6' x4') (Curb) (6\" Throat)","Each",{"v":1,"d":"1 "},null,1,{"v":3500,"d":"$3,500.00"},{"v":3500,"d":"$3,500.00"},null,{"v":3500,"d":"$3,500.00"}]
[41,"Inlet (6' x 4') (Curb)","Each",{"v":9,"d":"9 "},null,9,{"v":3500,"d":"$3,500.00"},{"v":31500,"d":"$31,500.00"},null,{"v":31500,"d":"$31,500.00"}]
[42,"Inlet (8' x 4') (Curb)","Each",{"v":5,"d":"5 "},null,5,{"v":4150,"d":"$4,150.00"},{"v":20750,"d":"$20,750.00"},null,{"v":20750,"d":"$20,750.00"}]
[43,"Junction Box (4' x 4')","Each",{"v":4,"d":"4 "},null,4,{"v":3350,"d":"$3,350.00"},{"v":13400,"d":"$13,400.00"},null,{"v":13400,"d":"$13,400.00"}]
[44,"15\" Storm Sewer (RCP Class III)","Lin. Ft.",272.28,null,{"v":272.28,"d":"272"},{"v":70,"d":"$70.00"},{"v":19059.6,"d":"$19,059.60"},null,{"v":19059.6,"d":"$19,059.60"}]
[45,"18\" Storm Sewer (RCP Class III)","Lin. Ft.",{"v":15,"d":"15.00"},null,15,{"v":65,"d":"$65.00"},{"v":975,"d":"$975.00"},null,{"v":975,"d":"$975.00"}]
[46,"24\" Storm Sewer (RCP Class III)","Lin. Ft.",246.97,null,{"v":246.97,"d":"247"},{"v":100,"d":"$100.00"},{"v":24697,"d":"$24,697.00"},null,{"v":24697,"d":"$24,697.00"}]
[47,"Concrete Pipe Collar","Each",{"v":1,"d":"1 "},null,1,{"v":750,"d":"$750.00"},{"v":750,"d":"$750.00"},null,{"v":750,"d":"$750.00"}]
[48,"6\" Pipe Underdrain (Type H)","Lin. Ft.",{"v":11374,"d":"11,374 "},null,{"v":11374,"d":"11,374"},{"v":11.5,"d":"$11.50"},{"v":130801,"d":"$130,801.00"},null,{"v":130801,"d":"$130,801.00"}]
[49,"6\" Pipe Underdrain (Type K)","Lin. Ft.",{"v":279,"d":"279 "},null,279,{"v":15,"d":"$15.00"},{"v":4185,"d":"$4,185.00"},null,{"v":4185,"d":"$4,185.00"}]
[50,"Storm Sewer Repair (Location A)","Lump Sum",{"v":1,"d":"1 "},null,1,{"v":2000,"d":"$2,000.00"},{"v":2000,"d":"$2,000.00"},null,{"v":2000,"d":"$2,000.00"}]
[51,"Storm Sewer Repair (Location B)","Lump Sum",{"v":1,"d":"1 "},null,1,{"v":1000,"d":"$1,000.00"},{"v":1000,"d":"$1,000.00"},null,{"v":1000,"d":"$1,000.00"}]
[52,"Service Water Line Relocation","Each",null,3,3,{"v":1500,"d":"$1,500.00"},null,{"v":4500,"d":"$4,500.00"},{"v":4500,"d":"$4,500.00"}]
[53,"Lawn Sprinkler System (Jefferson Pointe)","Lump Sum",null,1,1,{"v":2450,"d":"$2,450.00"},null,{"v":2450,"d":"$2,450.00"},{"v":2450,"d":"$2,450.00"}]
[54,"Lawn Sprinkler System (Hunters Pointe Apartments)","Lump Sum",null,1,1,{"v":1430,"d":"$1,430.00"},null,{"v":1430,"d":"$1,430.00"},{"v":1430,"d":"$1,430.00"}]
[55,"Lawn Sprinkler System (Three Lakes)","Lump Sum",null,1,1,{"v":1980,"d":"$1,980.00"},null,{"v":1980,"d":"$1,980.00"},{"v":1980,"d":"$1,980.00"}]
[56,"Lawn Sprinkler System (Stone Haven)","Lump Sum",null,1,1,{"v":12250,"d":"$12,250.00"},null,{"v":12250,"d":"$12,250.00"},{"v":12250,"d":"$12,250.00"}]
[57,"Lawn Sprinkler System (Hunters Pointe Subdivision)","Lump Sum",null,1,1,{"v":910,"d":"$910.00"},null,{"v":910,"d":"$910.00"},{"v":910,"d":"$910.00"}]
[58,"Lawn Sprinkler System (OPFD Station)","Lump Sum",null,1,1,{"v":550,"d":"$550.00"},null,{"v":550,"d":"$550.00"},{"v":550,"d":"$550.00"}]
[59,"Lawn Sprinkler System (Villas of Tamarind)","Lump Sum",null,1,1,{"v":7050,"d":"$7,050.00"},null,{"v":7050,"d":"$7,050.00"},{"v":7050,"d":"$7,050.00"}]
[60,"Lawn Sprinkler System (Holy Cross Lutheran Church)","Lump Sum",null,1,1,{"v":4100,"d":"$4,100.00"},null,{"v":4100,"d":"$4,100.00"},{"v":4100,"d":"$4,100.00"}]
[61,"Lawn Sprinkler System (Rosana Square)","Lump Sum",null,1,1,{"v":2875,"d":"$2,875.00"},null,{"v":2875,"d":"$2,875.00"},{"v":2875,"d":"$2,875.00"}]
[62,"Lawn Sprinkler System (Pinnacle Village)","Lump Sum",null,1,1,{"v":510,"d":"$510.00"},null,{"v":510,"d":"$510.00"},{"v":510,"d":"$510.00"}]
[63,"Fence (Temporary Chain Link)","Lin. Ft.",{"v":700,"d":"700 "},null,700,{"v":6,"d":"$6.00"},{"v":4200,"d":"$4,200.00"},null,{"v":4200,"d":"$4,200.00"}]
[64,"Kentucky Bluegrass Sod","Sq. Yd.",{"v":9800,"d":"9,800 "},null,{"v":9800,"d":"9,800"},{"v":3.75,"d":"$3.75"},{"v":36750,"d":"$36,750.00"},null,{"v":36750,"d":"$36,750.00"}]
[65,"Buffalograss Seed","Acre",1.1,null,{"v":1.1,"d":"1"},{"v":3600,"d":"$3,600.00"},{"v":3960.0000000000005,"d":"$3,960.00"},null,{"v":3960.0000000000005,"d":"$3,960.00"}]
[66,"Temporary Seed","Acre",3.1,null,{"v":3.1,"d":"3"},{"v":2025,"d":"$2,025.00"},{"v":6277.5,"d":"$6,277.50"},null,{"v":6277.5,"d":"$6,277.50"}]
[67,"Hydraulic Mulching","Acre",1.1,null,{"v":1.1,"d":"1"},{"v":2025,"d":"$2,025.00"},{"v":2227.5,"d":"$2,227.50"},null,{"v":2227.5,"d":"$2,227.50"}]
[68,"Temporary Silt Fence","Lin. Ft.",{"v":1000,"d":"1,000 "},null,{"v":1000,"d":"1,000"},{"v":1.25,"d":"$1.25"},{"v":1250,"d":"$1,250.00"},null,{"v":1250,"d":"$1,250.00"}]
[69,"Sediment Removal","Cu. Yd.",{"v":100,"d":"100 "},null,100,{"v":30,"d":"$30.00"},{"v":3000,"d":"$3,000.00"},null,{"v":3000,"d":"$3,000.00"}]
[70,"Rock Barriers","Ton",{"v":500,"d":"500 "},null,500,{"v":30,"d":"$30.00"},{"v":15000,"d":"$15,000.00"},null,{"v":15000,"d":"$15,000.00"}]
[71,"Sediment Retention Wattle","Each",{"v":30,"d":"30 "},null,30,{"v":30,"d":"$30.00"},{"v":900,"d":"$900.00"},null,{"v":900,"d":"$900.00"}]
[72,"Temporary Inlet Sediment Barrier","Each",{"v":50,"d":"50 "},null,50,{"v":25,"d":"$25.00"},{"v":1250,"d":"$1,250.00"},null,{"v":1250,"d":"$1,250.00"}]
[73,"Remove and Reset Sign (Hunters Pointe)","Each",null,2,2,{"v":250,"d":"$250.00"},null,{"v":500,"d":"$500.00"},{"v":500,"d":"$500.00"}]
[74,"Permanent Traffic Control Signs","Sq. Ft.",{"v":219,"d":"219 "},null,219,{"v":16.35,"d":"$16.35"},{"v":3580.65,"d":"$3,580.65"},null,{"v":3580.65,"d":"$3,580.65"}]
[75,"1-3/4\" x 1-3/4\" Sign Posts","Lin. Ft.",{"v":326,"d":"326 "},null,326,{"v":3.05,"d":"$3.05"},{"v":994.3,"d":"$994.30"},null,{"v":994.3,"d":"$994.30"}]
[76,"2\" x 2\" Sign Post Anchors","Lin. Ft.",{"v":102,"d":"102 "},null,102,{"v":5.1,"d":"$5.10"},{"v":520.1999999999999,"d":"$520.20"},null,{"v":520.1999999999999,"d":"$520.20"}]
[77,"2-1/4\" x 2-1/4\" Anchor Sleeves","Lin. Ft.",{"v":51,"d":"51 "},null,51,{"v":6.15,"d":"$6.15"},{"v":313.65000000000003,"d":"$313.65"},null,{"v":313.65000000000003,"d":"$313.65"}]
[79,"Interim Pavement Markings","Lump Sum",1,null,1,{"v":2600,"d":"$2,600.00"},{"v":2600,"d":"$2,600.00"},null,{"v":2600,"d":"$2,600.00"}]
[79,"4\" White Thermoplastic","Lin. Ft.",{"v":12677,"d":"12,677"},null,{"v":12677,"d":"12,677"},{"v":0.7,"d":"$0.70"},{"v":8873.9,"d":"$8,873.90"},null,{"v":8873.9,"d":"$8,873.90"}]
[80,"6\" White Thermoplastic","Lin. Ft.",{"v":3237,"d":"3,237"},null,{"v":3237,"d":"3,237"},{"v":1.02,"d":"$1.02"},{"v":3301.7400000000002,"d":"$3,301.74"},null,{"v":3301.7400000000002,"d":"$3,301.74"}]
[81,"4\" Yellow Thermoplastic","Lin. Ft.",643,null,643,{"v":1.55,"d":"$1.55"},{"v":996.65,"d":"$996.65"},null,{"v":996.65,"d":"$996.65"}]
[82,"12\" White Pre-formed Thermoplastic","Lin. Ft.",152,null,152,{"v":3.05,"d":"$3.05"},{"v":463.59999999999997,"d":"$463.60"},null,{"v":463.59999999999997,"d":"$463.60"}]
[83,"12\" Yellow Pre-formed Thermoplastic","Lin. Ft.",91,null,91,{"v":3.05,"d":"$3.05"},{"v":277.55,"d":"$277.55"},null,{"v":277.55,"d":"$277.55"}]
[84,"24\" White Pre-formed Thermoplastic","Lin. Ft.",823,null,823,{"v":7.15,"d":"$7.15"},{"v":5884.450000000001,"d":"$5,884.45"},null,{"v":5884.450000000001,"d":"$5,884.45"}]
[85,"White Arrows Pre-formed Thermoplastic","Each",70,null,70,{"v":155,"d":"$155.00"},{"v":10850,"d":"$10,850.00"},null,{"v":10850,"d":"$10,850.00"}]
[86,"White \"Only\" Marking-Preformed","Each",2,null,2,{"v":235,"d":"$235.00"},{"v":470,"d":"$470.00"},null,{"v":470,"d":"$470.00"}]
[87,"4\" White Cold Plastic","Lin. Ft.",509,null,509,{"v":4.1,"d":"$4.10"},{"v":2086.8999999999996,"d":"$2,086.90"},null,{"v":2086.8999999999996,"d":"$2,086.90"}]
[88,"12\" White Cold Plastic","Lin. Ft.",118,null,118,{"v":10.75,"d":"$10.75"},{"v":1268.5,"d":"$1,268.50"},null,{"v":1268.5,"d":"$1,268.50"}]
[89,"White Arrows Cold Plastic","Each",2,null,2,{"v":230,"d":"$230.00"},{"v":460,"d":"$460.00"},null,{"v":460,"d":"$460.00"}]
[89,"4\" White Methyl Methacrylate","Lin. Ft.",406,null,406,{"v":1.7,"d":"$1.70"},{"v":690.1999999999999,"d":"$690.20"},null,{"v":690.1999999999999,"d":"$690.20"}]
[89,"6\" White Methyl Methacrylate","Lin. Ft.",418,null,418,{"v":2.6,"d":"$2.60"},{"v":1086.8,"d":"$1,086.80"},null,{"v":1086.8,"d":"$1,086.80"}]
[89,"12\" White Methyl Methacrylate","Lin. Ft.",54,null,54,{"v":5.15,"d":"$5.15"},{"v":278.1,"d":"$278.10"},null,{"v":278.1,"d":"$278.10"}]
[93,"Electric Lighting System","Lump Sum",{"v":1,"d":"1 "},null,1,{"v":310000,"d":"$310,000.00"},{"v":310000,"d":"$310,000.00"},null,{"v":310000,"d":"$310,000.00"}]
[94,"Fiber Optic Communication System","Lump Sum",{"v":1,"d":"1 "},null,1,{"v":220000,"d":"$220,000.00"},{"v":220000,"d":"$220,000.00"},null,{"v":220000,"d":"$220,000.00"}]
[95,"Traffic Signal Modification (US 69)","Lump Sum",{"v":1,"d":"1 "},null,1,{"v":8000,"d":"$8,000.00"},{"v":8000,"d":"$8,000.00"},null,{"v":8000,"d":"$8,000.00"}]
[96,"Traffic Signal Installation (Farley)","Lump Sum",{"v":1,"d":"1 "},null,1,{"v":150000,"d":"$150,000.00"},{"v":150000,"d":"$150,000.00"},null,{"v":150000,"d":"$150,000.00"}]
[97,"Traffic Signal Modification (Grant/Hayes)","Lump Sum",{"v":1,"d":"1 "},null,1,{"v":122000,"d":"$122,000.00"},{"v":122000,"d":"$122,000.00"},null,{"v":122000,"d":"$122,000.00"}]
[98,"Traffic Signal Installation (Antioch)","Lump Sum",{"v":1,"d":"1 "},null,1,{"v":220000,"d":"$220,000.00"},{"v":220000,"d":"$220,000.00"},null,{"v":220000,"d":"$220,000.00"}]
[99,"Traffic Signal Modification (Hardy)","Lump Sum",{"v":1,"d":"1 "},null,1,{"v":150000,"d":"$150,000.00"},{"v":150000,"d":"$150,000.00"},null,{"v":150000,"d":"$150,000.00"}]
[100,"Traffic Signal Modification (Lowell)","Lump Sum",{"v":1,"d":"1 "},null,1,{"v":152000,"d":"$152,000.00"},{"v":152000,"d":"$152,000.00"},null,{"v":152000,"d":"$152,000.00"}]
[101,"Traffic Signal Modification (Pinnacle Village)","Lump Sum",{"v":1,"d":"1 "},null,1,{"v":70000,"d":"$70,000.00"},{"v":70000,"d":"$70,000.00"},null,{"v":70000,"d":"$70,000.00"}]
[102,"Temporary Traffic Signal (Antioch)","Lump Sum",{"v":1,"d":"1 "},null,1,{"v":30000,"d":"$30,000.00"},{"v":30000,"d":"$30,000.00"},null,{"v":30000,"d":"$30,000.00"}]
[103,"Land Corner Monument Box","Each",{"v":3,"d":"3 "},null,3,{"v":1500,"d":"$1,500.00"},{"v":4500,"d":"$4,500.00"},null,{"v":4500,"d":"$4,500.00"}]
[104,"Traffic Control","Lump Sum",{"v":1,"d":"1 "},null,1,{"v":57500,"d":"$57,500.00"},{"v":57500,"d":"$57,500.00"},null,{"v":57500,"d":"$57,500.00"}]
[]
[{"$nulls":6},"TOTAL",null,null,{"v":5159577.79,"d":"$5,159,577.79"}]
[]
[{"$nulls":6},"Work Type Summary"]
[]
[{"$nulls":6},"Common Items",{"v":265000,"d":"$265,000.00"},null,{"v":265000,"d":"$265,000.00"}]
[{"$nulls":6},"Roadway",{"v":1636646.19,"d":"$1,636,646.19"},{"v":39105,"d":"$39,105.00"},{"v":1675751.19,"d":"$1,675,751.19"}]
[{"$nulls":6},"Surfacing",{"v":2096826.6,"d":"$2,096,826.60"},null,{"v":2096826.6,"d":"$2,096,826.60"}]
[{"$nulls":6},"Bridges"]
[{"$nulls":6},"Traffic Signals",{"v":1122000,"d":"$1,122,000.00"},null,{"v":1122000,"d":"$1,122,000.00"}]